Statistics for Lonely Planet Top 200 Cities Map Quiz

Click here to take the quiz!

General Stats

  • This quiz has been taken 5,974 times
  • The average score is 141 of 200

Answers on the Map

Answers color-coded by a green-red scale on the quiz's map according to % correct below.
 

Answer Stats

City% Correct
New York City
96%
London
95%
Los Angeles
95%
Madrid
94%
Miami
94%
Paris
94%
San Francisco
94%
Barcelona
93%
Chicago
93%
Dublin
93%
Lisbon
93%
Mexico City
93%
Rome
93%
Berlin
92%
Moscow
92%
Rio de Janeiro
92%
Seattle
92%
Tokyo
92%
Toronto
92%
Vancouver
92%
Athens
91%
Cairo
91%
Havana
91%
Sydney
91%
Amsterdam
90%
Istanbul
90%
Kiev
90%
Las Vegas
90%
Beijing
89%
Brussels
89%
Buenos Aires
89%
Cape Town
89%
Delhi
89%
Edinburgh
89%
Reykjavik
89%
Santiago de Chile
89%
Seoul
89%
Stockholm
89%
St. Petersburg
89%
Budapest
88%
Copenhagen
88%
Manchester
88%
Vienna
88%
Washington D.C.
88%
Bogota
87%
Dubai
87%
Glasgow
87%
Melbourne
87%
Montreal
87%
Mumbai
87%
Munich
87%
Naples
87%
New Orleans
87%
Prague
87%
Bangkok
86%
Bucharest
86%
Helsinki
86%
Perth
86%
Shanghai
86%
Wellington
86%
Alexandria
85%
Auckland
85%
Jerusalem
85%
Manila
85%
Panama City
85%
Riga
85%
Belfast
84%
Caracas
84%
Hong Kong
84%
Johannesburg
84%
Minsk
84%
Venice
84%
Hamburg
83%
Hanoi
83%
Marseille
83%
Pyongyang
83%
Singapore
83%
Sofia
83%
Taipei
83%
Tallinn
83%
Bern
82%
Ho Chi Minh City
82%
Nairobi
82%
Quito
82%
Anchorage
81%
Kuala Lumpur
81%
La Paz
81%
Ulaanbaatar
81%
Zagreb
81%
Austin
80%
Beirut
80%
Damascus
80%
Florence
80%
Montevideo
80%
Seville
80%
Tel Aviv
80%
Belgrade
79%
Monaco
79%
Addis Ababa
78%
Kathmandu
78%
Vilnius
78%
Baku
77%
Dakar
77%
Dhaka
77%
Krakow
77%
Sanaa
77%
Sarajevo
77%
Bratislava
76%
Kabul
76%
Kolkata
76%
Luxembourg
76%
Quebec City
76%
Valletta
76%
Santo Domingo
75%
Tirana
75%
Amman
74%
Cardiff
74%
Muscat
74%
Tbilisi
74%
Khartoum
73%
Kyoto
73%
Mecca
73%
Ljubljana
72%
Antananarivo
71%
Christchurch
71%
Dar es Salaam
71%
Marrakech
71%
Phnom Penh
70%
San Salvador
70%
Yerevan
70%
Male
69%
Memphis
69%
Abuja
68%
Nuuk
68%
Fes
67%
Georgetown
65%
Hobart
64%
Jeddah
64%
Lahore
64%
Kampala
63%
Macau
62%
San Juan
62%
Aleppo
61%
Dubrovnik
61%
Hiroshima
61%
Yangon
60%
Maputo
59%
Thimphu
59%
Ashgabat
58%
Bamako
57%
Cuzco
57%
York
57%
Belize City
56%
Savannah
56%
Suva
56%
Asmara
55%
Granada
55%
Innsbruck
55%
Almaty
54%
Galway
54%
Lhasa
53%
Mombasa
53%
Salvador da Bahia
53%
Bridgetown
51%
Bath
48%
Apia
46%
Cartagena
46%
Jaipur
46%
Cayenne
45%
Zanzibar
45%
San Sebastian
44%
Isfahan
43%
Valparaiso
43%
Chiang Mai
41%
Aswan
38%
Oaxaca
38%
Ushuaia
38%
Siena
37%
Lubeck
36%
Mendoza
36%
Arequipa
33%
Heidelberg
32%
Varanasi
32%
Carcassonne
31%
Luang Prabang
30%
Puerto Vallarta
29%
Yogyakarta
29%
Bled
28%
Hoi An
27%
Saint-Denis
27%
Antigua
26%
Essaouira
25%
Livingstone
25%
Bukhara
24%
Beira
23%
San Cristobal
23%
Agadez
22%
Kairouan
20%
Christiansted
19%
Madang
19%

Score Distribution

Percentile by Number Answered

Percent of People with Each Score

Your Score History

You have not taken this quiz